000 01887nam0a2200469 4500
001 RU\NLR\bibl\1443977
005 20250615225344.0
010 _a978-5-91817-002-1
_9500
021 _aRU
_b2009-78788
_94936
035 _a(nilc)EL/0000294927
035 _aRU\LSL\Books\2540397
035 _aRSL-KNO-004391006
035 _a(NLR Aleph) 001435823
090 _a1431657
_c1431657
100 _a20090903d2009 |||y0rusy50 ca
101 0 _arus
102 _aRU
105 _aa |||||||||
200 1 _aДезинформация и активные мероприятия в бизнесе
_fАлександр Кузин, Игорь Нежданов, Евгений Ющук
210 _aКазань
_cЯналиф
_d2009
_gЯналиф
215 _a129 с.
_cил.
_d21
300 _aНа 4-й с. обл. 3-й авт.: Ющук Е.Л. к.э.н., доц.
320 _aБиблиогр. в подстроч. примеч.
320 _aДр. работы авт. на 4-й с. обл.
606 1 _aПредпринимательство
_xИспользование дезинформации
_92609076
_3RU\NLR\auth\661545634
686 _aУ290.2(2Рос)
_vLBC/M
_2rubbk
686 _a06.56
_2rugasnti
686 _aУ9(2)0-13в612,0
_2rubbk
686 _aУ5-13ф
700 1 _aКузин
_bА. В.
_gАлександр Владимирович
_4070
701 1 _aНежданов
_bИ. Ю.
_gИгорь Юрьевич
_4070
701 1 _aЮщук
_bЕ. Л.
_gЕвгений Леонидович
_4070
801 0 _aRU
_bНБ Казанского ГУ
_c20090903
_gRCR
801 1 _aRU
_bНБ Казанского ГУ
_c20090903
801 2 _aRU
_bНБ Казанского ГУ
_c20090930
_gRCR
801 2 _aRU
_bРГБ
_c20090930
801 2 _aRU
_bNLR
_c20091126
_grcr
830 _aавт. по кн.
942 _cBOOK
980 _aNB
980 _aNBR